000 01241nam a2200253Ia 4500
001 18107
003 GE_BSU
008 181216s||||||||xx |||||||||||||| ||und||
020 _a99940-31-09-0
040 _cGE_BSU
080 _a811.124'38
100 _aგაგუა, იამზე
245 _aლათინური ენის სტილისტიკა
245 _cრედ.: მ. მჭედლიძე
250 _aივანე ჯავახიშვილის სახ. სახ-ფო უნ-ტი. კლასიკური ფილოლ. ბიზანტინისტ. და ნეოგრეცისტ. ინ-ტი. პროგრამა "ლოგოსი" პუბლ. და ღონისძიებები კლასიკ. ფილოლ., ბიზანტინისტ. და ნეოგრეცისტ. სფეროში
260 _aთბილისი
260 _bლოგოსი
260 _c2006
300 _a137 გვ. ; 20 სმ.
520 _aტექსტი ქართ. და ინგლ. ენ..
541 _h5ლ.
653 _aლათინური ენის სტილისტიკა
942 _cBK
999 _c51149
_d51149